000
00209nam a2200109Ia 4500
100
_a
DICK-LARKAM
942
_c
BK
245
_a
PROFIT IMPROVED TECHNIQUES
260
_b
#N/A
546
_a
ENGLISH
999
_c
24580
_d
24580